| 000 | 01022cad a22002535a 4500 | ||
|---|---|---|---|
| 001 | E150817 | ||
| 008 | 100907s2009 xxk s000 0 eng u | ||
| 020 | _a9780755995639 | ||
| 035 | _a(Sirsi) u150817 | ||
| 041 | _aeng | ||
| 050 | 0 | 4 | _a711.1 |
| 110 |
_aScotland _bScottish Government _95344 |
||
| 245 | 0 | 0 |
_aPlanning circular 1/2009 _bdevelopment planning, appendix 1 _bthe Habitats Regulations _h[electronic resource] |
| 260 |
_aEdinburgh _bScottish Government _c2009 |
||
| 490 |
_aPlanning Circular _v(1/2009) |
||
| 520 | _aGives advice on the application of The Conservation (Natural Habitats, etc.) Regulations 1994, as amended, to the development planning system in Scotland. | ||
| 521 | _aAdvanced | ||
| 590 | _aKA | ||
| 650 | 2 | 4 | _aCONSERVATION (NATURAL HABITATS, ETC) REGULATIONS 1994 |
| 651 | 4 |
_aScotland _y1999- |
|
| 690 |
_aPlanning and development _96259 |
||
| 856 | 4 | 0 |
_uhttps://www.scotland.gov.uk/Publications/2010/09/03095123/0 _zView the Circular free of charge at www.scotland.gov.uk |
| 942 | _n0 | ||
| 999 |
_c110992 _d110992 |
||